| 000 | 01185nam a22003137a 4500 | ||
|---|---|---|---|
| 001 | BR8400382 | ||
| 003 | BR-BrBNA | ||
| 005 | 20230928091843.0 | ||
| 007 | ta | ||
| 008 | 230509b bl.||||| |||| 00| 0 por d | ||
| 040 |
_aBR-BrBNA _bpor _cBiblioteca Nacional de Agricultura |
||
| 041 | _a(Por) | ||
| 072 |
_aK10; F60; F30 _b3290 _b/G514 |
||
| 090 | _ 3290 BR8400382 | ||
| 100 | 1 | _aYared, J.A.G. | |
| 110 | 1 |
_aEscola Superior de Agricultura Luiz de Queiroz, Piracicaba, SP (Brasil) _0Tese (Mestre em Engenharia Florestal) |
|
| 245 | 1 | _aComportamento e variabilidade de procedencias de Cordia alliodora (Ruiz e Pav.)Oken, no planalto do Tapajos, Belterra, Para [freijo-louro, Brasil] | |
| 246 | 1 | _aPerformance and variability of Cordia alliodora (Ruiz e Pav.)Oken provenances in Tapajos highlands, Belterra, Para [beans, Brazil] | |
| 260 | 3 |
_aPiracicaba, SP (Brasil): _c1983. |
|
| 300 | _a121 p. | ||
| 500 | _a6 illus.; 18 tables; 48 ref.; Summaries (Eng, Por) | ||
| 650 | _aFREIJO-LOURO | ||
| 650 | _aCRESCIMENTO | ||
| 650 | _aDISTRIBUICAO GEOGRAFICA | ||
| 650 | _aCOMPORTAMENTO DE VARIEDADE | ||
| 650 | _aPARA | ||
| 909 |
_a202309 _bLucia _c55 _dLucia Elande |
||
| 942 | _cBK | ||
| 999 |
_c35895 _d35895 |
||